|
|
|
|
| LEADER |
00000caa a2200000 c 4500 |
| 001 |
194127837X |
| 003 |
DE-627 |
| 005 |
20251216102709.0 |
| 007 |
tu |
| 008 |
251114s2021 xx ||||| 00| ||eng c |
| 020 |
|
|
|a 9781793648815
|
| 035 |
|
|
|a (DE-627)194127837X
|
| 035 |
|
|
|a (DE-599)KXP194127837X
|
| 040 |
|
|
|a DE-627
|b ger
|c DE-627
|e rda
|
| 041 |
|
|
|a eng
|
| 084 |
|
|
|a 2,1
|2 ssgn
|
| 100 |
1 |
|
|a Gill, Brenda Ingrid
|e VerfasserIn
|0 (DE-588)1156623073
|0 (DE-627)101941331X
|0 (DE-576)502295554
|4 aut
|
| 109 |
|
|
|a Gill, Brenda Ingrid
|
| 245 |
1 |
0 |
|a Sex trafficking of girls
|b focus on Latin America and the Caribbean
|c Brenda I. Gill and Jesse McKinnon
|
| 264 |
|
1 |
|c 2021
|
| 336 |
|
|
|a Text
|b txt
|2 rdacontent
|
| 337 |
|
|
|a ohne Hilfsmittel zu benutzen
|b n
|2 rdamedia
|
| 338 |
|
|
|a Band
|b nc
|2 rdacarrier
|
| 500 |
|
|
|a Literaturverzeichnis: Seite 303-306
|
| 689 |
0 |
0 |
|d g
|0 (DE-588)4074032-8
|0 (DE-627)104571632
|0 (DE-576)209192224
|a Lateinamerika
|2 gnd
|
| 689 |
0 |
1 |
|d g
|0 (DE-588)4073241-1
|0 (DE-627)10609291X
|0 (DE-576)209189851
|a Karibik
|2 gnd
|
| 689 |
0 |
2 |
|d s
|0 (DE-588)4125897-6
|0 (DE-627)104665149
|0 (DE-576)20958050X
|a Menschenhandel
|2 gnd
|
| 689 |
0 |
3 |
|d s
|0 (DE-588)4126865-9
|0 (DE-627)105729094
|0 (DE-576)20958873X
|a Sexueller Missbrauch
|2 gnd
|
| 689 |
0 |
4 |
|d s
|0 (DE-588)4036871-3
|0 (DE-627)104253827
|0 (DE-576)209020989
|a Mädchen
|2 gnd
|
| 689 |
0 |
|
|5 (DE-627)
|
| 700 |
1 |
|
|a McKinnon, Jesse
|e VerfasserIn
|4 aut
|
| 773 |
0 |
8 |
|i Enthalten in
|t Human trafficking
|d Lanham : Lexington Books, 2021
|g (2021), Seite 281-306
|h xxx, 471 Seiten
|w (DE-627)1779308574
|z 9781793648815
|z 9781793648792
|7 nnam
|
| 773 |
1 |
8 |
|g year:2021
|g pages:281-306
|
| 951 |
|
|
|a AR
|
| ELC |
|
|
|b 1
|
| LOK |
|
|
|0 000 xxxxxcx a22 zn 4500
|
| LOK |
|
|
|0 001 4806062758
|
| LOK |
|
|
|0 003 DE-627
|
| LOK |
|
|
|0 004 194127837X
|
| LOK |
|
|
|0 005 20251114105732
|
| LOK |
|
|
|0 008 251114||||||||||||||||ger|||||||
|
| LOK |
|
|
|0 040
|a DE-2619
|c DE-627
|d DE-2619
|
| LOK |
|
|
|0 092
|o n
|
| LOK |
|
|
|0 852
|a DE-2619
|
| LOK |
|
|
|0 852 1
|9 00
|
| LOK |
|
|
|0 939
|a 14-11-25
|b l01
|
| ORI |
|
|
|a SA-MARC-krimdoka001.raw
|